Statistics for Disney Magic Kingdom Longest Wait Times

Click here to take the quiz!

General Stats

  • This quiz has been taken 16 times
  • The average score is 4 of 7

Answer Stats

HintAnswer% Correct
40 Minutes and up to 1.5-2.0 hours during peak seasonSplash Mountain
100%
50 Minutes and up to 2-3 hours during peak seasonSpace Mountain
83%
35 Minutes and up to 2.0 hours during peak seasonPirates of the Caribbean
50%
30 Minutes and up to 1.5 hours during peak seasonBig Thunder Mountain Railroad
42%
30 Minutes and up to an hour during peak seasonJungle Cruise
42%
40 Minutes and up to 2.0-2.5 hours during peak seasonPeter Pan's Flight
42%
74 Minutes and up to 3 hours during peak seasonThe Seven Dwarfs Mine Train
42%

Score Distribution

Percentile by Number Answered

Percent of People with Each Score

Your Score History

You have not taken this quiz